[Event "Titled Tuesday intern op 06th Feb Late"]
[Site "Chess.com INT"]
[Date "2024.02.06"]
[Round "2"]
[White "Chayka, Vitaliy"]
[Black "Martinez Alcantara, Jose Eduardo"]
[Result "0-1"]
[WhiteElo "2102"]
[BlackElo "2610"]
[PlyCount "56"]
[EventDate "2024.02.06"]
[EventType "swiss (blitz)"]
[EventRounds "11"]
[EventCountry "USA"]
[SourceTitle "CB07_2024"]
[SourceDate "2024.02.14"]
[SourceVersion "1"]
[SourceVersionDate "2024.02.14"]
[SourceQuality "1"]

1. d4 Nf6 2. Bf4 e6 3. e3 b6 4. Nf3 Bb7 5. h3 d6 6. Be2 Nbd7 7. 0-0 Be7 8. a4 h6 9. a5 g5 10. Bh2 g4 11. hxg4 Nxg4 12. Bg3 Rb8 13. c4 h5 14. Nfd2 Ndf6 15. Nc3 h4 16. Bf4 h3 17. Bf3 hxg2 18. Kxg2 Rg8 19. Bg3 Nh5 20. Bxb7 Nxg3 21. Bc6+ Kf8 22. Rg1 Nf5 23. Kf3 Bh4 24. Rxg4 Rxg4 25. Kxg4 Bxf2 26. Qh1 Qf6 27. Nde4 Nxe3+ 28. Kh5 Qg6# 0-1

[Event "Titled Tuesday intern op 06th Feb Late"]
[Site "Chess.com INT"]
[Date "2024.02.06"]
[Round "4"]
[White "Chayka, Vitaliy"]
[Black "Shapiro, Viktor"]
[Result "1-0"]
[WhiteElo "2102"]
[BlackElo "2113"]
[PlyCount "101"]
[EventDate "2024.02.06"]
[EventType "swiss (blitz)"]
[EventRounds "11"]
[EventCountry "USA"]
[SourceTitle "CB07_2024"]
[SourceDate "2024.02.14"]
[SourceVersion "1"]
[SourceVersionDate "2024.02.14"]
[SourceQuality "1"]

1. d4 Nf6 2. Bf4 c5 3. e3 e6 4. c3 b6 5. Nf3 Bb7 6. Be2 Be7 7. h3 0-0 8. Nbd2 d5 9. 0-0 Nc6 10. Ne5 Nxe5 11. dxe5 Nd7 12. Nf3 f6 13. exf6 Bxf6 14. a4 e5 15. Bh2 a6 16. Nd2 Qe7 17. e4 d4 18. Qb3+ Kh8 19. Nc4 Bxe4 20. Nxb6 Rab8 21. a5 d3 22. Bd1 Qd6 23. Qc4 Bg6 24. Bf3 Nxb6 25. axb6 Rxb6 26. Rfd1 Rd8 27. Ra5 Rxb2 28. Rxa6 Qf8 29. Bg3 h6 30. Be4 Bxe4 31. Qxe4 Re2 32. Qc4 e4 33. Re6 d2 34. Qxe2 Bxc3 35. Rxe4 Qf5 36. f3 Kh7 37. Bf2 Rd5 38. Rc4 Bb4 39. Qe4 Kg6 40. g4 Qxe4 41. fxe4 Re5 42. Bg3 Re6 43. e5 Ra6 44. Kf2 Ra3 45. Rf4 Rd3 46. e6 Rd8 47. e7 Re8 48. Bh4 Kh7 49. Rf8 Rxe7 50. Bxe7 c4 51. Bxb4 1-0

[Event "Titled Tuesday intern op 06th Feb Late"]
[Site "Chess.com INT"]
[Date "2024.02.06"]
[Round "6"]
[White "Chayka, Vitaliy"]
[Black "Vlassov, Nikolai"]
[Result "0-1"]
[WhiteElo "2102"]
[BlackElo "2299"]
[PlyCount "108"]
[EventDate "2024.02.06"]
[EventType "swiss (blitz)"]
[EventRounds "11"]
[EventCountry "USA"]
[SourceTitle "CB07_2024"]
[SourceDate "2024.02.14"]
[SourceVersion "1"]
[SourceVersionDate "2024.02.14"]
[SourceQuality "1"]

1. d4 Nf6 2. Bf4 e6 3. e3 c5 4. c3 b6 5. Nd2 Bb7 6. Ngf3 Be7 7. Bd3 d6 8. h3 Nbd7 9. Bh2 h6 10. Qe2 Qc7 11. e4 Rc8 12. 0-0 g5 13. e5 g4 14. hxg4 Nxg4 15. exd6 Bxd6 16. Bxd6 Qxd6 17. Ne4 Bxe4 18. Qxe4 Ndf6 19. dxc5 bxc5 20. Qa4+ Ke7 21. Rad1 Qc7 22. Rfe1 h5 23. Bf1 h4 24. b4 Rcg8 25. Qa5 Qxa5 26. bxa5 h3 27. Rb1 h2+ 28. Nxh2 Nxh2 29. Rb7+ Kf8 30. Be2 Nhg4 31. Rxa7 Kg7 32. Bxg4 Nxg4 33. Rxe6 Rd8 34. g3 Rd1+ 35. Kg2 Rd2 36. Kf3 Nxf2 37. Ree7 Rf8 38. Rac7 Nd3 39. a6 Rxa2 40. a7 Ra3 41. Ke4 Nf2+ 42. Kf3 Nh3 43. Kg4 Nf2+ 44. Kf3 Nd1 45. Rxc5 Ra8 46. Rcc7 Rxc3+ 47. Rxc3 Nxc3 48. Kg4 Nb5 49. Rb7 Nxa7 50. Kf4 Nc6 51. Rb6 Ra4+ 52. Kf3 Ne5+ 53. Kf2 Ra2+ 54. Ke3 Nc4+ 0-1

[Event "Titled Tuesday intern op 23rd Jan Late"]
[Site "Chess.com INT"]
[Date "2024.01.23"]
[Round "4"]
[White "Vargas, Mauricio"]
[Black "Chayka, Vitaliy"]
[Result "0-1"]
[WhiteElo "1958"]
[BlackElo "2102"]
[PlyCount "90"]
[EventDate "2024.01.23"]
[EventType "swiss (blitz)"]
[EventRounds "11"]
[EventCountry "USA"]
[SourceTitle "CB05_2024"]
[SourceDate "2024.01.31"]
[SourceVersion "1"]
[SourceVersionDate "2024.01.31"]
[SourceQuality "1"]

1. e4 d6 2. f4 c5 3. Nf3 g6 4. Bb5+ Bd7 5. Bxd7+ Qxd7 6. d3 Nc6 7. 0-0 Bg7 8. c3 e6 9. Na3 Nge7 10. Nc4 b5 11. Ne3 d5 12. e5 0-0 13. d4 cxd4 14. Nxd4 Nxd4 15. Qxd4 Nc6 16. Qd1 d4 17. Ng4 Rfd8 18. Qe1 h5 19. Nf6+ Bxf6 20. exf6 dxc3 21. bxc3 Qd5 22. Qh4 Qf5 23. Be3 Rd3 24. Rae1 Rad8 25. Bxa7 Nxa7 26. Re5 Qg4 27. Qf2 Rd2 28. Rg5 Rxf2 29. Rxg4 Rxf1+ 30. Kxf1 hxg4 31. Kf2 Rd2+ 32. Kg3 Rxa2 33. Kxg4 Rc2 34. g3 Rxc3 35. h4 b4 36. h5 gxh5+ 37. Kxh5 b3 38. g4 Rh3+ 39. Kg5 b2 40. f5 exf5 41. Kxf5 b1Q+ 42. Kg5 Qb5+ 43. Kf4 Qc4+ 44. Kg5 Qd5+ 45. Kf4 Rf3# 0-1

[Event "Pardubice rapid op 34th"]
[Site "Pardubice"]
[Date "2023.07.20"]
[Round "8"]
[White "Chayka, Vitaliy"]
[Black "Sikora, Lukas"]
[Result "1-0"]
[WhiteElo "2185"]
[BlackElo "1901"]
[PlyCount "69"]
[EventDate "2023.07.19"]
[EventType "swiss (rapid)"]
[EventRounds "9"]
[EventCountry "CZE"]
[SourceTitle "CBM 215 Extra"]
[Source "ChessBase"]
[SourceDate "2023.09.30"]
[SourceVersion "1"]
[SourceVersionDate "2023.09.30"]
[SourceQuality "1"]

1. d4 Nf6 2. Bf4 g6 3. e3 Bg7 4. h3 d6 5. Nf3 0-0 6. Be2 Nbd7 7. 0-0 Re8 8. Bh2 c6 9. Nbd2 e5 10. dxe5 dxe5 11. Nc4 Ne4 12. Nd6 Nxd6 13. Qxd6 Qf6 14. Qc7 Nf8 15. Rfd1 Bf5 16. c3 Re7 17. Qa5 b6 18. Qa3 c5 19. Qb3 Be4 20. a4 Rc8 21. a5 c4 22. Qb4 Nd7 23. Rd6 Qf5 24. g4 bxa5 25. Rxa5 Bxf3 26. gxf5 Bxe2 27. Rxa7 Bf8 28. Qa5 Nc5 29. Rd5 Bf3 30. Rxc5 Rxa7 31. Qxa7 Bxc5 32. Qd7 Ra8 33. Bxe5 gxf5 34. Qxf5 Bc6 35. Qg5+ 1-0

[Event "Pardubice rapid op 34th"]
[Site "Pardubice"]
[Date "2023.07.20"]
[Round "7"]
[White "Kuznecova, Marija"]
[Black "Chayka, Vitaliy"]
[Result "1-0"]
[WhiteElo "1967"]
[BlackElo "2185"]
[PlyCount "89"]
[EventDate "2023.07.19"]
[EventType "swiss (rapid)"]
[EventRounds "9"]
[EventCountry "CZE"]
[SourceTitle "CBM 215 Extra"]
[Source "ChessBase"]
[SourceDate "2023.09.30"]
[SourceVersion "1"]
[SourceVersionDate "2023.09.30"]
[SourceQuality "1"]

1. e4 d6 2. d4 Nf6 3. Nc3 c6 4. f4 Qa5 5. Bd3 e5 6. Nf3 Bg4 7. fxe5 dxe5 8. dxe5 Nfd7 9. Bf4 g5 10. Bxg5 Bg7 11. Bd2 Qc7 12. 0-0 Nxe5 13. Be2 Bxf3 14. gxf3 Nbd7 15. f4 Qb6+ 16. Kh1 Ng6 17. e5 0-0-0 18. Ne4 Nc5 19. Nd6+ Rxd6 20. exd6 Ne4 21. d7+ Kb8 22. Be1 f5 23. Bd3 Nd6 24. Bc3 Bxc3 25. bxc3 Kc7 26. Qh5 Qc5 27. Rae1 Qd5+ 28. Qf3 Qc5 29. Re6 Nh4 30. Re5 Qxc3 31. Qh3 Ng6 32. Bxf5 Qc4 33. Bd3 Nxf4 34. Bxc4 Nxh3 35. Be6 b5 36. Bxh3 Rd8 37. Rfe1 h5 38. Rxh5 a5 39. Rh6 a4 40. Rxd6 Kxd6 41. Re8 Kc7 42. Rxd8 Kxd8 43. Be6 c5 44. h4 c4 45. h5 1-0

[Event "Pardubice rapid op 34th"]
[Site "Pardubice"]
[Date "2023.07.20"]
[Round "9"]
[White "Yun, Hungi"]
[Black "Chayka, Vitaliy"]
[Result "1-0"]
[WhiteElo "1696"]
[BlackElo "2185"]
[PlyCount "89"]
[EventDate "2023.07.19"]
[EventType "swiss (rapid)"]
[EventRounds "9"]
[EventCountry "CZE"]
[SourceTitle "CBM 215 Extra"]
[Source "ChessBase"]
[SourceDate "2023.09.30"]
[SourceVersion "1"]
[SourceVersionDate "2023.09.30"]
[SourceQuality "1"]

1. e4 d6 2. d4 Nf6 3. Nc3 c6 4. Be3 Qa5 5. f3 e5 6. Nge2 Be7 7. Ng3 0-0 8. Be2 b5 9. 0-0 b4 10. Nb1 Re8 11. Nd2 Qc7 12. f4 exd4 13. Bxd4 c5 14. Bf2 Bf8 15. Bf3 Bb7 16. Re1 Nbd7 17. Nc4 Rad8 18. a3 d5 19. exd5 Rxe1+ 20. Bxe1 Qxf4 21. Na5 Ba8 22. Nc6 Re8 23. axb4 cxb4 24. Bf2 Bc5 25. Bxc5 Nxc5 26. d6 h5 27. Qd4 Qxd4+ 28. Nxd4 Bxf3 29. gxf3 Rd8 30. Ra5 Nb7 31. Rxa7 Nxd6 32. Nc6 Re8 33. Nxb4 h4 34. Nf1 Re2 35. Ra8+ Kh7 36. Rd8 Nc4 37. Rd4 Ne5 38. Rxh4+ Kg6 39. Rh3 Nh5 40. f4 Nxf4 41. Re3 Rg2+ 42. Kh1 Ng4 43. Rg3 Kh5 44. Rxg2 Nxg2 45. Kxg2 1-0

[Event "Lutsk Nebesna Sotnya Memorial rap"]
[Site "Lutsk"]
[Date "2015.02.22"]
[Round "10"]
[White "Chayka, Vitaliy"]
[Black "Polivanov, Anatoliy"]
[Result "0-1"]
[WhiteElo "2319"]
[BlackElo "2394"]
[PlyCount "94"]
[EventDate "2015.02.21"]
[EventType "swiss (rapid)"]
[EventRounds "11"]
[EventCountry "UKR"]
[SourceTitle "CBM 164 Extra"]
[Source "ChessBase"]
[SourceDate "2015.03.02"]
[SourceVersion "1"]
[SourceVersionDate "2015.03.02"]
[SourceQuality "1"]

1. Nf3 Nf6 2. g3 d6 3. d4 g6 4. Bg2 Bg7 5. 0-0 0-0 6. c4 Nbd7 7. Nc3 e5 8. e4 a6 9. Re1 exd4 10. Nxd4 Ng4 11. f3 Nge5 12. b3 Nc5 13. Be3 Ncd3 14. Re2 c5 15. Nc2 b5 16. f4 Nb2 17. Qd2 Nbxc4 18. bxc4 Nxc4 19. Qd3 Nb2 20. Qd2 Nc4 21. Qe1 b4 22. Nd5 Bg4 23. Rf2 Be6 24. f5 Bxd5 25. exd5 Re8 26. Re2 Bxa1 27. Qxa1 Re5 28. Qe1 Qe7 29. Kf2 Rxf5+ 30. Bf4 Qf6 31. h4 Ne5 32. Qd2 Rxf4+ 33. gxf4 Qxh4+ 34. Kg1 Ng4 35. Ne1 Qh2+ 36. Kf1 Qg3 37. Nf3 h5 38. f5 Rf8 39. Qe1 Qf4 40. Kg1 Qxf5 41. Re4 Qxd5 42. Nd2 Qd3 43. Nc4 d5 44. Ne5 Qc3 45. Nxg4 dxe4 46. Qxc3 bxc3 47. Nf6+ Kg7 0-1